Rosé - toxic till the end (Lyrics) - Statistics

General Stats
  • This quiz has been taken 80 times
  • The average score is 258 of 338
Answer Stats
Lyrics % Correct
I
96%
"I
96%
the
96%
a
94%
to
94%
toxic
94%
you
94%
me
90%
we
90%
when
90%
end
88%
end,
88%
my
88%
then
88%
then,
88%
till
88%
was
88%
were
88%
call
84%
can
84%
in
84%
start
84%
what
84%
are,
82%
back
82%
from
82%
so
80%
that
80%
friends,
78%
it
78%
of
78%
said,
78%
said
78%
us
78%
wit
78%
your
78%
and
76%
dark
76%
never
76%
runnin'
76%
see
76%
even
74%
face"
74%
had
74%
out
74%
possessive
74%
with
74%
again
72%
can't
72%
place
72%
honestly,
70%
impressive
70%
manipulatin'
70%
pretend
70%
them
70%
try
70%
wanna
70%
didn't
68%
participatin'
68%
"baby,
66%
met
66%
pull
66%
closer?"
64%
couldn't
64%
for
64%
head
64%
is
64%
meant
64%
rings
64%
wait
64%
chess,
62%
game
62%
over
62%
tiffany
62%
ever
60%
giving
60%
ex
58%
forgive
58%
guess?
58%
on
58%
thing,
58%
would
58%
favourite
56%
heard,
56%
known
56%
ladies
56%
not
56%
playing
56%
should've
56%
stay
54%
things
54%
years
54%
'cause
52%
chest
52%
lot
52%
present
52%
prettiest
52%
"don't
50%
gentlemen
50%
how
50%
pieces
50%
plotting
50%
his
48%
wasted
48%
dear
46%
one
46%
saying,
46%
I'll
42%
you're
42%
leave"
40%
just
38%
now
38%
he's
36%
line
36%
screen
36%
right
32%
stole
32%
uh-huh,
30%
uh-huh
30%
jeaolus
6%
whp
4%
No matching quizzes found
Score Distribution
Percent of People with Each Score
Percentile by Number Answered
Your Score History
You have not taken this quiz